[Event "Usti nad Labem Chlumecky Blitz op"]
[Site "Usti nad Labem"]
[Date "2024.05.05"]
[Round "10"]
[White "Paulus, Vaclav"]
[Black "Mikulka, Martin Michael"]
[Result "1/2-1/2"]
[WhiteElo "2051"]
[BlackElo "1866"]
[PlyCount "76"]
[EventDate "2024.05.05"]
[EventType "swiss (blitz)"]
[EventRounds "15"]
[EventCountry "CZE"]
[SourceTitle "CB20_2024"]
[SourceDate "2024.05.16"]
[SourceVersion "1"]
[SourceVersionDate "2024.05.16"]
[SourceQuality "1"]

1. e4 e6 2. d4 d5 3. e5 c5 4. c3 Nc6 5. Nf3 Bd7 6. Bd3 Rc8 7. 0-0 cxd4 8. Re1 h6 9. h4 Nge7 10. h5 dxc3 11. Nxc3 a6 12. Be3 b5 13. Rc1 Na5 14. b3 Nb7 15. Qd2 Nc6 16. Bb1 Bb4 17. Qd3 Nc5 18. Bxc5 Bxc5 19. Nxd5 Bxf2+ 20. Kxf2 exd5 21. e6 Bxe6 22. Rxe6+ fxe6 23. Qg6+ Kd7 24. Rxc6 Rxc6 25. Ne5+ Kc7 26. Qxg7+ Kb6 27. Nf7 Qf8 28. Qxh8 Qxf7+ 29. Ke2 e5 30. Bg6 Rxg6 31. Qb8+ Ka5 32. hxg6 Qxg6 33. Qd8+ Kb4 34. Qxd5 Qc2+ 35. Kf3 Qc3+ 36. Ke2 Qc2+ 37. Kf3 Qc3+ 38. Ke4 Ka3 1/2-1/2

[Event "Usti nad Labem Chlumecky Blitz op"]
[Site "Usti nad Labem"]
[Date "2024.05.05"]
[Round "8"]
[White "Pribyl, Jakub"]
[Black "Mikulka, Martin Michael"]
[Result "0-1"]
[WhiteElo "1962"]
[BlackElo "1866"]
[PlyCount "66"]
[EventDate "2024.05.05"]
[EventType "swiss (blitz)"]
[EventRounds "15"]
[EventCountry "CZE"]
[SourceTitle "CB20_2024"]
[SourceDate "2024.05.16"]
[SourceVersion "1"]
[SourceVersionDate "2024.05.16"]
[SourceQuality "1"]

1. e4 e6 2. d4 d5 3. e5 c5 4. c3 Nc6 5. Nf3 Bd7 6. Be2 f6 7. 0-0 fxe5 8. dxe5 Qc7 9. Re1 Nge7 10. Bf4 h6 11. c4 d4 12. Nbd2 g5 13. Bg3 0-0-0 14. Ne4 Nf5 15. b4 Nxb4 16. Qb3 Be7 17. Rab1 Nxg3 18. hxg3 Bc6 19. Nfd2 Bxe4 20. Nxe4 h5 21. a3 Nc6 22. g4 h4 23. Bf3 Nxe5 24. Nd2 Nxf3+ 25. Nxf3 Rd6 26. Ne5 Rb6 27. Qd3 Rxb1 28. Qxb1 Bd6 29. Nd3 h3 30. Rxe6 hxg2 31. Kxg2 Qc6+ 32. f3 Rh2+ 33. Kg1 Qxf3 0-1

[Event "Usti nad Labem Chlumecky Blitz op"]
[Site "Usti nad Labem"]
[Date "2024.05.05"]
[Round "12"]
[White "Veverka, Vladimir"]
[Black "Mikulka, Martin Michael"]
[Result "1-0"]
[WhiteElo "1890"]
[BlackElo "1866"]
[PlyCount "90"]
[EventDate "2024.05.05"]
[EventType "swiss (blitz)"]
[EventRounds "15"]
[EventCountry "CZE"]
[SourceTitle "CB20_2024"]
[SourceDate "2024.05.16"]
[SourceVersion "1"]
[SourceVersionDate "2024.05.16"]
[SourceQuality "1"]

1. d4 d5 2. c4 e6 3. Nc3 Nf6 4. Bg5 dxc4 5. e3 c5 6. dxc5 Qxd1+ 7. Rxd1 Bxc5 8. Bxc4 a6 9. Nf3 b5 10. Bd3 Bb7 11. 0-0 Nbd7 12. Bxf6 Nxf6 13. Nd2 Nd5 14. Nxd5 Bxd5 15. Be4 Rd8 16. Nb3 Bxb3 17. Rxd8+ Kxd8 18. axb3 Kc7 19. Ra1 Kb6 20. Rd1 Be7 21. g3 Rd8 22. Rxd8 Bxd8 23. Bxh7 Bf6 24. Bg8 Bxb2 25. Bxf7 e5 26. Kf1 Kc5 27. Ke2 a5 28. f4 exf4 29. exf4 a4 30. bxa4 bxa4 31. Kf3 Kd6 32. Ke4 Ke7 33. Bc4 Kf6 34. g4 a3 35. h4 g6 36. g5+ Kg7 37. f5 Bc1 38. f6+ Kf8 39. Kf3 Bd2 40. Kg4 Bc3 41. h5 gxh5+ 42. Kxh5 Bd4 43. Kg4 Bc3 44. Kf5 Bd4 45. g6 Bxf6 1-0

[Event "Usti nad Labem Chlumecky Blitz op"]
[Site "Usti nad Labem"]
[Date "2024.05.05"]
[Round "2"]
[White "Werner, Quan Hong"]
[Black "Mikulka, Martin Michael"]
[Result "1/2-1/2"]
[WhiteElo "2041"]
[BlackElo "1866"]
[PlyCount "129"]
[EventDate "2024.05.05"]
[EventType "swiss (blitz)"]
[EventRounds "15"]
[EventCountry "CZE"]
[SourceTitle "CB20_2024"]
[SourceDate "2024.05.16"]
[SourceVersion "1"]
[SourceVersionDate "2024.05.16"]
[SourceQuality "1"]

1. e4 e6 2. c4 c5 3. Nf3 Nc6 4. Nc3 Nf6 5. d4 cxd4 6. Nxd4 Bb4 7. Nxc6 bxc6 8. Qc2 0-0 9. Bd3 d5 10. 0-0 Bxc3 11. bxc3 dxe4 12. Bxe4 Nxe4 13. Qxe4 Qc7 14. Bf4 Qb6 15. Bd6 Rd8 16. c5 Qb7 17. h3 Qd7 18. Rfb1 Ba6 19. c4 Qe8 20. Rb4 f6 21. Rab1 e5 22. Qf3 Bc8 23. Rb8 Be6 24. Rxa8 Rxa8 25. Rb4 a5 26. Rb6 Bxc4 27. Rxc6 Rc8 28. Rb6 Qf7 29. a3 a4 30. Qc3 Bd5 31. Qb4 Bc6 32. f3 h6 33. Qa5 Qe6 34. Qa6 Qd7 35. Qa5 Ra8 36. Qb4 Rc8 37. Qc4+ Qf7 38. Qb4 Qd7 39. Kh2 Kh7 40. Rb8 Rxb8 41. Qxb8 Qb7 42. Qxb7 Bxb7 43. f4 e4 44. Kg3 Kg6 45. Kf2 Kf5 46. Ke3 Ke6 47. Kd4 f5 48. Bf8 Kf7 49. Bd6 Ke6 50. Be5 g6 51. g4 h5 52. gxh5 gxh5 53. Bd6 Bc6 54. Bc7 Bb5 55. Ba5 Bc6 56. Bd2 Bb5 57. Be3 Bc6 58. Bf2 Bb5 59. Be1 Bc6 60. Bg3 Bb5 61. Bf2 Bc6 62. Kc4 Bd7 63. Bd4 Bc6 64. Be3 Bd7 65. Bf2 1/2-1/2

[Event "Usti nad Labem Chlumecky Rapid op"]
[Site "Usti nad Labem"]
[Date "2024.05.04"]
[Round "5"]
[White "Burdalev, Kirill"]
[Black "Mikulka, Martin Michael"]
[Result "1-0"]
[WhiteElo "2286"]
[BlackElo "1847"]
[PlyCount "155"]
[EventDate "2024.05.04"]
[EventType "swiss (rapid)"]
[EventRounds "9"]
[EventCountry "CZE"]
[SourceTitle "CB20_2024"]
[SourceDate "2024.05.16"]
[SourceVersion "1"]
[SourceVersionDate "2024.05.16"]
[SourceQuality "1"]

1. d4 d5 2. c4 e6 3. Nf3 Nf6 4. g3 dxc4 5. Bg2 c5 6. 0-0 Nc6 7. dxc5 Qxd1 8. Rxd1 Bxc5 9. Nbd2 c3 10. bxc3 0-0 11. Nb3 Be7 12. Nbd4 Rd8 13. Bf4 Nd5 14. Bd2 Bf6 15. Nxc6 bxc6 16. e4 Nb6 17. e5 Be7 18. Nd4 Bd7 19. Nxc6 Bxc6 20. Bxc6 Rac8 21. Be4 Nc4 22. Be1 Nxe5 23. Kf1 Bf6 24. Ke2 Nc4 25. Rxd8+ Rxd8 26. Rd1 Rb8 27. Rb1 Rd8 28. Rb4 Nb6 29. c4 Be7 30. Rb1 Bc5 31. Bd3 Kf8 32. h4 h6 33. h5 Ke7 34. f3 e5 35. Bc3 Ke6 36. Rb5 Bd4 37. Bd2 Rc8 38. g4 Rc5 39. Rxc5 Bxc5 40. Kd1 f6 41. Kc2 Kd6 42. Kb3 Nd7 43. Ka4 Bd4 44. Bf5 Nc5+ 45. Kb5 Kc7 46. Ba5+ Kb7 47. Bd2 a6+ 48. Ka5 Ka7 49. Be4 Nb7+ 50. Kb4 Bc5+ 51. Kb3 Kb6 52. Bxb7 Kxb7 53. Kc2 Kc6 54. Kd3 Kd6 55. Ke4 Ke6 56. Ba5 Bf2 57. Bb4 Bg1 58. Bf8 Kf7 59. Bb4 Ke6 60. Ba3 Bb6 61. Bb4 Bc7 62. Ba3 Bd8 63. Bf8 Kf7 64. Bb4 Ke6 65. a3 a5 66. Bc3 Bb6 67. a4 Bc7 68. c5 Bd8 69. Bd2 Bc7 70. Be1 Bd8 71. Bd2 Bc7 72. Bc1 Bd8 73. Bd2 Bc7 74. Be3 Bd8 75. f4 exf4 76. Bxf4 Be7 77. c6 Bd6 78. c7 1-0

[Event "Jesenik op-A"]
[Site "Jesenik"]
[Date "2023.08.20"]
[Round "2"]
[White "Mikulka, Martin Michael"]
[Black "Kucera, Tomas2222"]
[Result "0-1"]
[WhiteElo "1724"]
[BlackElo "2014"]
[PlyCount "106"]
[EventDate "2023.08.19"]
[EventType "swiss"]
[EventRounds "9"]
[EventCountry "CZE"]
[SourceTitle "EXT 2024"]
[Source "ChessBase"]
[SourceDate "2023.10.10"]
[SourceVersion "1"]
[SourceVersionDate "2023.10.10"]
[SourceQuality "1"]

1. c4 Nf6 2. Nc3 g6 3. g3 Bg7 4. Bg2 0-0 5. Nf3 d6 6. 0-0 e5 7. d3 h6 8. Rb1 a5 9. a3 c5 10. b4 axb4 11. axb4 Nc6 12. bxc5 dxc5 13. Be3 Qe7 14. Rb5 Nd4 15. Bxd4 exd4 16. Nd5 Nxd5 17. cxd5 Ra2 18. Re1 Re8 19. e4 dxe3 20. Rxe3 Qd8 21. Rxc5 Bg4 22. d4 Rxe3 23. fxe3 b6 24. Rc2 Qxd5 25. e4 Qa8 26. Rxa2 Qxa2 27. d5 b5 28. h3 Bd7 29. Qe1 Qc4 30. Bf1 Qc3 31. Qxc3 Bxc3 32. Bd3 b4 33. g4 Ba4 34. Kf1 Bd1 35. Ne1 Kf8 36. Bc2 Bxc2 37. Nxc2 b3 38. Na3 Ke7 39. Ke2 b2 40. Kd3 Bb4 41. Nb1 Kd6 42. Kc2 Ke5 43. Kxb2 Kxe4 44. Kb3 Ba5 45. Kc4 f5 46. gxf5 gxf5 47. d6 f4 48. d7 f3 49. Nc3+ Kf4 50. Kd3 Kg3 51. Ke3 Bb6+ 52. Ke4 f2 53. Ne2+ Kh2 0-1

[Event "Usti nad Labem blitz op"]
[Site "Usti nad Labem"]
[Date "2023.05.07"]
[Round "15"]
[White "Mikulka, Martin Michael"]
[Black "Babicka, Michal"]
[Result "0-1"]
[WhiteElo "1585"]
[BlackElo "2132"]
[PlyCount "88"]
[EventDate "2023.05.07"]
[EventType "swiss (blitz)"]
[EventRounds "15"]
[EventCountry "CZE"]
[SourceTitle "CBM 214 Extra"]
[Source "ChessBase"]
[SourceDate "2023.07.31"]
[SourceVersion "1"]
[SourceVersionDate "2023.07.31"]
[SourceQuality "1"]

1. e4 c5 2. Nf3 d6 3. d4 cxd4 4. Nxd4 Nf6 5. Nc3 a6 6. Be3 e5 7. Nb3 Be6 8. f3 Be7 9. Be2 0-0 10. 0-0 Qc7 11. Nd5 Bxd5 12. exd5 b5 13. Rc1 Nbd7 14. c4 bxc4 15. Bxc4 Qb7 16. f4 Nb6 17. Bxb6 Qxb6+ 18. Kh1 exf4 19. Rxf4 Nd7 20. Qd4 Bg5 21. Rff1 Qxd4 22. Nxd4 Bxc1 23. Rxc1 Ne5 24. Be2 Rfc8 25. Nc6 Kf8 26. a4 Re8 27. Rc2 g6 28. Kg1 Nd7 29. a5 Nc5 30. b4 Ne4 31. Bf3 h5 32. Kf1 Ng5 33. Be2 Re4 34. g3 h4 35. Bd3 Ree8 36. Kf2 hxg3+ 37. hxg3 Ne4+ 38. Kf3 Ng5+ 39. Kf4 Nh7 40. g4 Nf6 41. Bc4 Re4+ 42. Kf3 Rxg4 43. Re2 Rxc4 44. Re7 Nxd5 0-1

[Event "Usti nad Labem blitz op"]
[Site "Usti nad Labem"]
[Date "2023.05.07"]
[Round "8"]
[White "Mikulka, Martin Michael"]
[Black "Lancaric, Tomas"]
[Result "0-1"]
[WhiteElo "1585"]
[BlackElo "1778"]
[PlyCount "48"]
[EventDate "2023.05.07"]
[EventType "swiss (blitz)"]
[EventRounds "15"]
[EventCountry "CZE"]
[SourceTitle "CBM 214 Extra"]
[Source "ChessBase"]
[SourceDate "2023.07.31"]
[SourceVersion "1"]
[SourceVersionDate "2023.07.31"]
[SourceQuality "1"]

1. e4 c6 2. c4 d5 3. cxd5 cxd5 4. exd5 Nf6 5. Qa4+ Bd7 6. Qb3 Qb6 7. Qxb6 axb6 8. Nc3 g6 9. Nf3 Bg7 10. d4 Na6 11. a3 Nc7 12. Bc4 0-0 13. 0-0 b5 14. Bb3 b4 15. Ne2 Bb5 16. Re1 bxa3 17. Rxa3 Rxa3 18. bxa3 Ncxd5 19. Nf4 Nxf4 20. Bxf4 e6 21. Rc1 Bc6 22. Ne5 Bd5 23. Bxd5 Nxd5 24. Rb1 Nxf4 0-1

[Event "CZE-ch U12"]
[Site "Teplice"]
[Date "2023.03.17"]
[Round "8"]
[White "Chernyy, Andrey"]
[Black "Mikulka, Martin Michael"]
[Result "0-1"]
[WhiteElo "1605"]
[BlackElo "1786"]
[PlyCount "98"]
[EventDate "2023.03.11"]
[EventType "swiss"]
[EventRounds "9"]
[EventCountry "CZE"]
[SourceTitle "CBM 213 Extra"]
[Source "ChessBase"]
[SourceDate "2023.05.31"]
[SourceVersion "1"]
[SourceVersionDate "2023.05.31"]
[SourceQuality "1"]

1. e4 e6 2. d3 d5 3. Nd2 c5 4. Ngf3 Nc6 5. g3 Bd6 6. Bg2 Nge7 7. 0-0 Bd7 8. a3 Qc7 9. c3 f6 10. Re1 0-0 11. Nf1 a5 12. Bd2 b5 13. Rc1 Rfb8 14. Qe2 b4 15. h4 bxa3 16. bxa3 Rb3 17. Ra1 Rab8 18. Ne3 f5 19. exf5 exf5 20. Ng5 d4 21. Nd5 Qc8 22. Qh5 h6 23. Nxe7+ Nxe7 24. Rxe7 Bxe7 25. Bd5+ Kh8 26. Nf7+ Kh7 27. Bxb3 Rxb3 28. Re1 Qf8 29. Ne5 Be8 30. Qd1 a4 31. cxd4 cxd4 32. Nc4 Bxa3 33. Nxa3 Rxa3 34. Bc1 Rb3 35. Qf3 Bb5 36. Rd1 Qc5 37. Bf4 a3 38. Rc1 Rc3 39. Ra1 Rxd3 40. Qa8 Bc6 41. Qd8 Qd5 42. Qxd5 Bxd5 43. Be5 a2 44. Kf1 Bf3 45. Ke1 h5 46. Kf1 Rd2 47. Rc1 Kg6 48. Ra1 Kf7 49. Re1 Bd1 0-1

[Event "CZE-ch U12"]
[Site "Teplice"]
[Date "2023.03.15"]
[Round "6"]
[White "Boff, Ondrej"]
[Black "Mikulka, Martin Michael"]
[Result "0-1"]
[WhiteElo "1561"]
[BlackElo "1786"]
[PlyCount "84"]
[EventDate "2023.03.11"]
[EventType "swiss"]
[EventRounds "9"]
[EventCountry "CZE"]
[SourceTitle "CBM 213 Extra"]
[Source "ChessBase"]
[SourceDate "2023.05.31"]
[SourceVersion "1"]
[SourceVersionDate "2023.05.31"]
[SourceQuality "1"]

1. e4 e6 2. d4 d5 3. exd5 exd5 4. Bd3 Nf6 5. Ne2 Bd6 6. Bf4 0-0 7. 0-0 Bg4 8. f3 Bh5 9. Bxd6 Qxd6 10. Ng3 Bg6 11. Nf5 Bxf5 12. Bxf5 Nbd7 13. Nd2 Qf4 14. Bxd7 Qxd4+ 15. Rf2 Nxd7 16. c3 Qb6 17. Nb3 Nf6 18. Qd2 Rfe8 19. Nd4 Re5 20. Re1 Rae8 21. Rfe2 Rxe2 22. Rxe2 Rxe2 23. Qxe2 g6 24. Kf1 c5 25. Nb3 Qd6 26. g4 b6 27. Nd2 Qf4 28. Kg2 h5 29. h3 Qg5 30. Nf1 hxg4 31. hxg4 Nh5 32. Qe8+ Kg7 33. Ne3 d4 34. Nc4 Nf4+ 35. Kg3 Ne6 36. Qd7 Qf4+ 37. Kg2 dxc3 38. Qd3 cxb2 39. Nxb2 Qc1 40. Qb3 Qd2+ 41. Kg3 Qe1+ 42. Kg2 Nf4+ 0-1

[Event "CZE-chT2B 2223"]
[Site "Czech Republic"]
[Date "2022.12.04"]
[Round "4.8"]
[White "Urbanek, Stepan"]
[Black "Mikulka, Martin Michael"]
[Result "1-0"]
[WhiteElo "2019"]
[BlackElo "1755"]
[PlyCount "123"]
[EventDate "2022.10.16"]
[EventType "team-tourn"]
[EventRounds "11"]
[EventCountry "CZE"]
[SourceTitle "EXT 2024"]
[Source "ChessBase"]
[SourceDate "2023.10.10"]
[SourceVersion "1"]
[SourceVersionDate "2023.10.10"]
[SourceQuality "1"]
[WhiteTeam "Kolesovice"]
[BlackTeam "Litomerice III"]
[WhiteTeamCountry "CZE"]
[BlackTeamCountry "CZE"]

1. d4 Nf6 2. Nf3 g6 3. g3 Bg7 4. Bg2 0-0 5. 0-0 d5 6. c4 c6 7. b3 Bg4 8. h3 Bxf3 9. Bxf3 Nbd7 10. Bb2 Re8 11. cxd5 cxd5 12. Nc3 Qa5 13. e3 Rad8 14. a3 Nb8 15. b4 Qb6 16. Qb3 Qd6 17. b5 g5 18. Rad1 h5 19. e4 dxe4 20. Nxe4 Nxe4 21. Bxe4 b6 22. Qf3 Qh6 23. Qd3 e6 24. Qb3 Kh8 25. d5 f5 26. Bxg7+ Qxg7 27. Bb1 Rxd5 28. Rxd5 exd5 29. Qxd5 Qe5 30. Qd3 Rf8 31. Qd2 Qg7 32. Re1 Nd7 33. Qd6 Rf6 34. Qd5 Qf7 35. Qd2 Qg7 36. Qe2 g4 37. Qe8+ Nf8 38. Qxh5+ Rh6 39. Qxf5 gxh3 40. Kh2 Rf6 41. Qh5+ Rh6 42. Qe5 Qxe5 43. Rxe5 Ne6 44. Rd5 Nc5 45. Rd8+ Kg7 46. Rc8 a6 47. Rc7+ Kf8 48. bxa6 Nxa6 49. Rh7 Rf6 50. f4 Re6 51. Ra7 Nc5 52. Kxh3 Re1 53. Bf5 Rh1+ 54. Kg4 Rg1 55. Kh4 Rh1+ 56. Kg5 Rg1 57. g4 Rh1 58. Bg6 Rf1 59. Rf7+ Kg8 60. Re7 Rf3 61. f5 Rxa3 62. Re8+ 1-0

[Event "CZE-ch U12"]
[Site "Luhacovice"]
[Date "2022.03.13"]
[Round "2"]
[White "Martirosyan, David"]
[Black "Mikulka, Martin Michael"]
[Result "1/2-1/2"]
[WhiteElo "1725"]
[BlackElo "1406"]
[PlyCount "111"]
[EventDate "2022.03.12"]
[EventType "swiss"]
[EventRounds "9"]
[EventCountry "CZE"]
[SourceTitle "EXT 2023"]
[Source "ChessBase"]
[SourceDate "2022.10.05"]
[SourceVersion "1"]
[SourceVersionDate "2022.10.05"]
[SourceQuality "1"]

1. d4 Nf6 2. Nf3 g6 3. c4 Bg7 4. Nc3 d5 5. e3 0-0 6. Qb3 e6 7. Be2 dxc4 8. Bxc4 b6 9. 0-0 Bb7 10. Be2 Nbd7 11. Qc2 Qe7 12. b3 c5 13. Ba3 Rac8 14. Rac1 Rfd8 15. Rfd1 Bf8 16. Qb1 Qe8 17. dxc5 Nxc5 18. Bb5 Rxd1+ 19. Rxd1 Bc6 20. Nd4 Bxb5 21. Ndxb5 Nce4 22. Bxf8 Nxc3 23. Nxc3 Kxf8 24. Qb2 Rd8 25. g3 Rxd1+ 26. Nxd1 Qe7 27. Nc3 Kg8 28. h3 Qd7 29. Qc2 Nd5 30. Nxd5 Qxd5 31. e4 Qa5 32. Kg2 Qa3 33. g4 Qa5 34. h4 Qe5 35. f3 Qf6 36. Kg3 Qe5+ 37. f4 Qd4 38. Qe2 Qc3+ 39. Qf3 Qe1+ 40. Kh3 Qa5 41. a4 Qc5 42. e5 Qc2 43. h5 gxh5 44. gxh5 Qf5+ 45. Kh4 h6 46. Qg4+ Qxg4+ 47. Kxg4 Kf8 48. Kf3 Ke7 49. Ke4 Kd7 50. Kd4 a6 51. b4 Kc6 52. Kc4 b5+ 53. axb5+ axb5+ 54. Kd4 Kb6 55. f5 Kc6 56. fxe6 1/2-1/2

[Event "CZE-ch U14"]
[Site "Herlikovice"]
[Date "2021.10.28"]
[Round "6"]
[White "Mikulka, Martin Michael"]
[Black "Pressler, Tobias"]
[Result "0-1"]
[WhiteElo "1340"]
[BlackElo "1792"]
[PlyCount "74"]
[EventDate "2021.10.23"]
[EventType "swiss"]
[EventRounds "9"]
[EventCountry "CZE"]
[SourceTitle "EXT 2023"]
[Source "ChessBase"]
[SourceDate "2022.10.05"]
[SourceVersion "1"]
[SourceVersionDate "2022.10.05"]
[SourceQuality "1"]

1. e4 c5 2. Nf3 Nc6 3. d4 cxd4 4. Nxd4 g6 5. c4 Bg7 6. Be3 d6 7. Nc3 Nf6 8. Be2 0-0 9. 0-0 Bd7 10. Qd2 a6 11. Rac1 Rc8 12. f3 Ne8 13. b3 f5 14. Rfd1 Nf6 15. exf5 Nxd4 16. Bxd4 Bxf5 17. Kh1 h5 18. Nd5 e6 19. Bb6 Qe8 20. Nxf6+ Bxf6 21. Qxd6 Rc6 22. Qb4 Bb2 23. Be3 Bxc1 24. Bxc1 e5 25. Qd2 Rc7 26. Qd5+ Kh7 27. Bb2 Rd7 28. Qa5 Rxd1+ 29. Bxd1 Qd7 30. Be2 Rd8 31. Bc3 e4 32. fxe4 Bxe4 33. Bxh5 Rf8 34. Bf3 Qd1+ 35. Be1 Rxf3 36. Qc7+ Kh6 37. h3 Rxh3+ 0-1